Studies on mixing homogeneity of rubber blends using viscosity measurements (Record no. 69615)

MARC details
000 -LEADER
fixed length control field 00411nam a2200145Ia 4500
100 ## - MAIN ENTRY--AUTHOR NAME
Personal name Yehia A A
245 #0 - TITLE STATEMENT
Title Studies on mixing homogeneity of rubber blends using viscosity measurements
260 ## - PUBLICATION, DISTRIBUTION, ETC. (IMPRINT)
Name of publisher Journal of Elastomers and Plastics
Year of publication 1992
300 ## - PHYSICAL DESCRIPTION
Number of Pages 15-26
650 ## - SUBJECT ADDED ENTRY--TOPICAL TERM
Topical Term Rubber blends
700 ## - ADDED ENTRY--PERSONAL NAME
Personal name Elsabbagh S H
700 ## - ADDED ENTRY--PERSONAL NAME
Personal name Helaly F M
942 ## - ADDED ENTRY ELEMENTS (KOHA)
Koha item type Journals
Holdings
Withdrawn status Lost status Damaged status Not for loan Home library Current library Date acquired Serial Enumeration / chronology Koha item type
      Journals RRII Library RRII Library 17/12/2021 Volume 6, Issue 2 Journals